Μελέτη και δημιουργία πολυμεσικής εφαρμογής σε Information Kiosk για το Σπήλαιο Αλιστράτης Σερρών : μεταπτυχιακή διατριβή

Αποθηκεύτηκε σε:
Λεπτομέρειες βιβλιογραφικής εγγραφής
Κύριος συγγραφέας: Σαμαρούδη, Μυρσίνη
Συγγραφή απο Οργανισμό/Αρχή: Πανεπιστήμιο Αιγαίου. Σχολή Κοινωνικών Επιστημών. Τμήμα Πολιτισμικής Τεχνολογίας και Επικοινωνίας. Πρόγραμμα Μεταπτυχιακών Σπουδών Πολιτισμική Πληροφορική και Επικοινωνία
Άλλοι συγγραφείς: Οικονόμου, Δάφνη (Εισηγητής διατριβής)
Μορφή: Thesis Βιβλίο
Γλώσσα:Greek
Δημοσίευση: Μυτιλήνη : Πανεπιστήμιο Αιγαίου, Σχολή Κοινωνικών Επιστημών, Τμήμα Πολιτισμικής Τεχνολογίας και Επικοινωνίας, 2005
Θέματα:
Διαθέσιμο Online:http://hdl.handle.net/11610/16009
Ετικέτες: Προσθήκη ετικέτας
Δεν υπάρχουν, Καταχωρήστε ετικέτα πρώτοι!

MARC

LEADER 00000cam a2200000 i 4500
001 1/26398
008 060317s2005 gre d
035 |l 10083148 
040 |a GR-MY-UA  |b gre  |e aacr 
041 0 |a gre 
082 0 |a 551.2  |2 (22) 
100 1 |a Σαμαρούδη, Μυρσίνη. 
245 1 0 |a Μελέτη και δημιουργία πολυμεσικής εφαρμογής σε Information Kiosk για το Σπήλαιο Αλιστράτης Σερρών :  |b μεταπτυχιακή διατριβή /  |c Σαμαρούδη Μυρσίνη ; υπεύθυνη καθηγήτρια Οικονόμου Δάφνη 
260 |a Μυτιλήνη :   |b Πανεπιστήμιο Αιγαίου, Σχολή Κοινωνικών Επιστημών, Τμήμα Πολιτισμικής Τεχνολογίας και Επικοινωνίας,   |c 2005 
300 |a 160 σ.;  |b εικ.;  |c 30 εκ. 
502 |a Διατριβή (μεταπτυχιακή) – Πανεπιστήμιο Αιγαίου, Λέσβος, 2005. 
504 |a Βιβλιογραφία: σ. 126-140 
650 0 0 |a Interactive multimedia. 
650 0 |a Caves  |z Greece  |z Serrai (Nome) 
650 0 0 |a Dissertations, Academic  |z Greece. 
700 0 |a Οικονόμου, Δάφνη.  |4 ths 
710 2 |a Πανεπιστήμιο Αιγαίου.   |b Σχολή Κοινωνικών Επιστημών.   |b Τμήμα Πολιτισμικής Τεχνολογίας και Επικοινωνίας.   |b Πρόγραμμα Μεταπτυχιακών Σπουδών Πολιτισμική Πληροφορική και Επικοινωνία. 
852 |a INST  |b LESVOS  |c DIATR  |e 20060317  |h 45  |p 005100035960  |q 005100035960  |t MTXE  |y 23 
852 |a INST  |b LESVOS  |c DIATR  |e 20060317  |h 46  |p 005100035543  |q 005100035543  |t MTXE  |y 23 
856 |u http://hdl.handle.net/11610/16009 
901 |a BIBL1-2006-1 
909 |a Λ  |b 120808 
909 |a Λ  |b 120807 
924 |a ΣΑΜΑΡΟΥΔΗ  |b ΜΥΡΣΙΝΗ  |y ΛΕΣΒΟΣ  |z 2005-07 
970 |a ΜΑΡΙΝΑΤΟΥ  |b ΜΥΡΣΙΝΗ  |z 2006/03/17